000 00704nam a22002297a 4500
003 UA-OsUOA
001 61847
007 ta
008 20090716b un ||||| |||| 00| 0 ukr d
090 _a811.161.2
_bД50
942 _cBK
040 _aUA-OsUOA
_bukr
_cUA-OsUOA
_dUA-OsUOA
245 _aДілова українська мова
_bНавчальний посібник
_cЗа ред. Горбула О. Д.
300 _a222 с.
955 _a2
041 _aukr
080 _a811.161.2
020 _a966-620-250-6
260 _aК.
_bЗнання
_c2007
650 7 _a8 Мовознавство. Художня література. Літературознавство
_2UDC
999 _c347687
_d347687